[Event "FRA-chT U20 Top"]
[Site "Bischwiller"]
[Date "2016.05.16"]
[Round "4"]
[White "Ge, Arthur"]
[Black "De Maria, Toni"]
[Result "1-0"]
[WhiteElo "1247"]
[BlackElo "1232"]
[PlyCount "89"]
[EventDate "2016.05.14"]
[EventType "tourn"]
[EventRounds "11"]
[EventCountry "FRA"]
[SourceTitle "EXT 2019"]
[Source "ChessBase"]
[SourceDate "2018.10.10"]
[SourceVersion "1"]
[SourceVersionDate "2018.10.10"]
[SourceQuality "1"]

1. e4 e5 2. Nf3 Nc6 3. d4 exd4 4. Bc4 Nf6 5. e5 d5 6. Bb5 Ne4 7. Nxd4 Bd7 8. Bxc6 Bxc6 9. 0-0 Be7 10. f3 Nc5 11. Be3 0-0 12. Nc3 Ne6 13. Nf5 Re8 14. Qe1 Qd7 15. Qg3 Bf8 16. Rad1 Rad8 17. Ne4 Kh8 18. b3 Qc8 19. Nc3 g6 20. Nh6 Rd7 21. Ng4 Bg7 22. Qh4 d4 23. Bh6 dxc3 24. Bxg7+ Nxg7 25. Nf6 h5 26. Rxd7 Bxd7 27. Qg5 Nf5 28. g4 hxg4 29. fxg4 Kg7 30. gxf5 Rxe5 31. Nh5+ Kf8 32. Qh6+ Ke7 33. f6+ Ke6 34. Ng7+ Kd6 35. Rd1+ Kc6 36. Qf4 Bg4 37. Qc4+ Rc5 38. Qe4+ Kb6 39. Rd4 a5 40. Qxg4 Qa8 41. Ra4 Re5 42. Qd4+ Rc5 43. b4 Qh8 44. Qxc5+ Ka6 45. Rxa5# 1-0